Groupes de choses : Espagne - Statistiques

Statistiques générales
  • Ce quiz a été pris 478 fois
    336 depuis la dernière actualisation
  • Le résultat moyen est 17 sur 41
Statistiques - réponses
Hint Réponse % Correct
Pays limitrophes de l'Espagne France
99%
Pays limitrophes de l'Espagne Portugal
98%
Langues reconnues par la loi Espagnol
96%
Pays limitrophes de l'Espagne Andorre
95%
Langues reconnues par la loi Catalan
92%
Tennismans vainqueurs de Roland-Garros Rafael Nadal
89%
Pays limitrophes de l'Espagne Maroc
86%
Principaux peintres du XXe siècle Pablo Picasso
79%
Vainqueurs de l'Europa League Real Madrid
74%
Iles principales des Baléares Ibiza
73%
Iles principales des Baléares Majorque
68%
Vainqueurs de l'Europa League FC Séville
67%
Principaux peintres du XXe siècle Salvador Dalí
60%
Langues reconnues par la loi Basque
59%
Iles principales des Baléares Minorque
59%
Vainqueurs de l'Europa League Atlético Madrid
56%
Vainqueurs de l'Europa League Valence FC
52%
Tennismans vainqueurs de Roland-Garros Carlos Alcaraz
50%
Vainqueurs de l'Europa League Athletic Bilbao
47%
Pays limitrophes de l'Espagne Royaume-Uni
45%
Villes autonomes Ceuta
34%
Vainqueurs de l'Europa League Villareal CF
32%
Langues reconnues par la loi Galicien
30%
Villes autonomes Melilla
29%
Plus longues rivières Tage
15%
Tennismans vainqueurs de Roland-Garros Juan Carlos Ferrero
14%
Langues reconnues par la loi Aragonais
12%
Plus longues rivières Ebre
12%
Tennismans vainqueurs de Roland-Garros Carlos Moya
11%
Vainqueurs de l'Europa League Espanyol
11%
Langues reconnues par la loi Asturien
10%
Principaux peintres du XXe siècle Joan Miró
10%
Plus longues rivières Douro
9%
Tennismans vainqueurs de Roland-Garros Sergi Bruguera
7%
Tennismans vainqueurs de Roland-Garros Albert Costa
6%
Iles principales des Baléares Formentera
6%
Langues reconnues par la loi Occitan
5%
Tennismans vainqueurs de Roland-Garros Andres Gimeno
1%
Iles principales des Baléares Cabrera
1%
Plus longues rivières Guadiana
1%
Tennismans vainqueurs de Roland-Garros Manuel Santana
1%
Aucun quiz correspondant
Distribution des résultats
% des personnes avec chaque résultat
Percentile par nombre de réponses
Votre historique - résultats
Vous n’avez pas pris ce quiz depuis la dernière actualisation